000 00754nam a2200217Ii 4500
003 JO-AjNU
008 230605s9999||||xx |||||||||||||| ||und||
017 _a1987/5/195
040 _aJO-AjNU
_bara
_erda
_cJO-AjNU
041 _aara
050 1 4 _aHF 5655 .A7.K3764 1990
100 3 _aتاليفكراجه، عبدالحليم محمود,
_eauthor
_945766
245 0 0 _aالتدريبات العملية في التجارة: التدريب الميداني 1+2
250 _aط1
264 3 1 _aعمان: دار المستقبل للنشر والتوزيع، 1990
300 _a256ص
336 _atext
_btxt
_2rdacontent
337 _aunmediated
_bn
_2rdamedia
338 _avolume
_bnc
_2rdacarrier
650 4 _aالادارة المالية
_945767
999 _aA19862
_c23430
_d23430